000
00328nam a2200145Ia 4500
005
20250405181018.0
008
240331s9999 xx 000 0 und d
082
_b
SAT
_a
894
100
_a
Sathasivam, K
245
0
_a
Mooddathinulle
260
_a
Colombo
_b
Virakesari
_c
1983
300
_a
254 p .,
650
_a
Novel
942
_c
L
999
_c
4111
_d
4111